000 00842nam a22002657a 4500
001 672
005 20251205082137.0
020 _a0590221973
040 _aDLC
_cDLC
_dDLC
_beng
050 0 0 _aGB662.3
_b.W53 1997
082 0 0 _a546/.22
_220
100 1 _aWick, Walter,
_d1953-
245 1 2 _aA drop of water :
_ba book of science and wonder /
_cwritten and photographed by Walter Wick.
250 _aFirst Scholastic printing, October 1998
260 _aNew York :
_bScholastic,
_c1997.
300 _a40 pages :
_bcolor illustrations ;
_c29 cm
505 _aQ
520 _aDescribes the origins, characteristics, and uses of water.
521 _a870
_blexile
521 _aW
_bRaz-Plus
650 0 _aWater
_xJuvenile literature.
650 1 _aWater.
906 _a7
_bcbc
_corignew
_d1
_eocip
_f19
_gy-gencatlg
942 _2ddc
_cBK
_n0
999 _c672
_d672